Is Digital Development a Factor of University-Industry R&D Collaboration and Vice Versa?
Cieľom článku je určiť a charakterizovať vzťahy a ich kauzalitu medzi indikátormi digitalizácie spoločenských vzťahov a úrovňou spolupráce výskumu a vývoja medzi univerzitami a priemyslom.
Saved in:
| Main Author: | |
|---|---|
| Other Authors: | , , , |
| Format: | Book Chapter |
| Language: | English |
| Subjects: | |
| Tags: |
No Tags, Be the first to tag this record!
|
MARC
| LEADER | 00000naa a2200000 4500 | ||
|---|---|---|---|
| 001 | 0301311 | ||
| 005 | 20240607111104.4 | ||
| 041 | 0 | |a eng | |
| 044 | |a PL | ||
| 245 | 1 | 0 | |a Is Digital Development a Factor of University-Industry R&D Collaboration and Vice Versa? |c Aleksandra Kuzior, Anastasiia Samoilikova, Wojciech Kossek, Petra Krišková, Tetiana Vasylieva |
| 520 | |a Cieľom článku je určiť a charakterizovať vzťahy a ich kauzalitu medzi indikátormi digitalizácie spoločenských vzťahov a úrovňou spolupráce výskumu a vývoja medzi univerzitami a priemyslom. | ||
| 610 | 2 | 0 | |a digitalizácia |
| 610 | 2 | 0 | |a spolupráca vedecká |
| 610 | 2 | 0 | |a priemysel |
| 610 | 2 | 0 | |a vývoj |
| 610 | 2 | 0 | |a výskum |
| 610 | 2 | 0 | |a univerzity |
| 610 | 2 | 0 | |a inovácie technologické |
| 100 | 1 | |a Kuzior, Aleksandra | |
| 700 | 1 | |a Samoilikova, Anastasiia | |
| 700 | 1 | |a Kossek, Wojciech | |
| 700 | 1 | |a Krišková, Petra, 1981- | |
| 700 | 1 | |a Vasylieva, Tetiana | |